Dinamika sosial dan transformasi budaya : Dalam pendidikan
| Main Author: | |
|---|---|
| Format: | Book |
| Published: |
Inti prima aksara inprasa
|
| Subjects: |
MARC
| LEADER | 00000cam a2200000 7i4500 | ||
|---|---|---|---|
| 001 | 0000107146 | ||
| 005 | 20150514.0 | ||
| 008 | 140806 bm | ||
| 020 | |a 979154199x | ||
| 090 | 0 | 0 | |a 320 WER |
| 100 | 1 | |a Werkanis., AS, M.Pd. Drs. | |
| 245 | 1 | 0 | |a Dinamika sosial dan transformasi budaya : |b Dalam pendidikan |c Drs. Werkanis AS, M.Pd. |
| 260 | |b Inti prima aksara inprasa | ||
| 300 | |a viii 152p. : |b ill. ; |c 24cm. | ||
| 650 | 0 | 0 | |a Pendidikan |
| 999 | |a 0000328618 |b Buku |c Koleksi Tuan Yang Terutama DiPertua Negeri Melaka |e Perbadanan Perpustakaan Awam Melaka | ||